Неразрушающий контроль механических характеристик алюминиевых сплавов по удельной электрической проводимости; Дефектоскопия; № 7

Бібліографічні деталі
Parent link:Дефектоскопия.— , 1965-.— 0130-3082
№ 7.— 2006.— С. 3-14
Інші автори: Хайлов А. Н., Пенькова Т. Н., Бакунов А. С., Мужицкий В. Ф., Преснов Н. Д., Агальцов В. И.
Мова:Російська
Опубліковано: 2006
Серія:Магнитные и электромагнитные методы
Предмети:
Формат: Частина з книги
KOHA link:https://koha.lib.tpu.ru/cgi-bin/koha/opac-detail.pl?biblionumber=428967

MARC

LEADER 00000naa2a2200000 4500
001 428967
005 20231101074904.0
035 |a (RuTPU)RU\TPU\prd\88644 
035 |a RU\TPU\prd\46528 
090 |a 428967 
100 |a 20101025a2006 k y0rusy50 ca 
101 0 |a rus 
102 |a RU 
200 1 |a Неразрушающий контроль механических характеристик алюминиевых сплавов по удельной электрической проводимости  |f А. Н. Хайлов [и др.] 
225 1 |a Магнитные и электромагнитные методы 
320 |a Библиогр.: 2 назв. 
461 0 |0 (RuTPU)RU\TPU\prd\151  |x 0130-3082  |t Дефектоскопия  |d 1965- 
463 0 |0 (RuTPU)RU\TPU\prd\88643  |t № 7  |v С. 3-14  |d 2006 
610 1 |a алюминиевые сплавы 
610 1 |a неразрушающий контроль 
610 1 |a удельная электрическая проводимость 
610 1 |a механические характеристики 
610 1 |a ракетная техника 
610 1 |a космическая техника 
610 1 |a взаимосвязь 
610 1 |a прибор ВЭ-26Н 
610 1 |a измерители 
610 1 |a модернизация 
610 1 |a требования 
675 |a 620.179.4  |v 3 
701 1 |a Хайлов  |b А. Н. 
701 1 |a Пенькова  |b Т. Н. 
701 1 |a Бакунов  |b А. С. 
701 1 |a Мужицкий  |b В. Ф. 
701 1 |a Преснов  |b Н. Д. 
701 1 |a Агальцов  |b В. И. 
801 1 |a RU  |b 63413507  |c 20061002  |g PSBO 
801 2 |a RU  |b 63413507  |c 20140205  |g RCR 
942 |c BK